Formula One A-Z Drivers With 100 Race Starts - Statistics

General Stats
  • This quiz has been taken 171 times
    58 since last reset
  • The average score is 16 of 20
Answer Stats
Letter Team % Correct
A Fernando Alonso | Jean Alesi | Michele Alboreto | Rene Arnoux | Mario Andretti | Philippe Alliot | Alex Albon
98%
B Valtteri Bottas | Jenson Button | Martin Brundle | Gerhard Berger | Rubens Barrichello | Jack Brabham | Thierry Boutsen | Jo Bonnier
98%
H Lewis Hamilton | Nico Hulkenberg | Mika Hakkinen | Graham Hill | Damon Hill | Jonny Herbert | Nick Heidfeld | Denny Hulme
95%
S Carlos Sainz | Lance Stroll | Ayrton Senna | Michael Schumacher | Ralf Schumacher | Adrian Sutil | John Surtees | Jody Sheckter | Mika Salo
93%
V Max Verstappen | Sebastian Vettel | Jacques Villeneuve | Jos Verstappen
93%
L Charles Leclerc | Niki Lauda | Jacques Laffite
88%
M Kevin Magnussen | Felipe Massa | Nigel Mansell | Bruce McLaren | Pierluigi Martini | Jochen Mass
88%
P Sergio Perez | Riccardo Patrese | Nelson Piquet | Alain Prost | Olivier Panis | Ronnie Peterson
88%
R Daniel Ricciardo | George Russell | Kimi Raikkonen | Nico Rosberg | Keke Rosberg | Clay Regazzoni | Carlos Reutemann
86%
F Giancarlo Fisichella | Heinz-Harald Frentzen | Emerson Fittipaldi
84%
I Eddie Irvine | Jacky Ickx
79%
O Esteban Ocon
79%
G Pierre Gasly | Romain Grosjean
79%
N Lando Norris
74%
T Jarno Trulli | Patrick Tambay | Yuki Tsunoda
72%
C David Coulthard | Eddie Cheever
67%
W Mark Webber | John Watson | Derek Warwick
65%
J Jean-Pierre Jarier | Alan Jones
56%
K Daniil Kvyat | Heikki Kovalainen
47%
D Pedro de la Rosa | Andrea de Cesaris | Elio de Angelis
42%
No matching quizzes found
Score Distribution
Percent of People with Each Score
Percentile by Number Answered
Your Score History
You have not taken this quiz since the last reset